| 000 | 02449nam0a2200373 4500 | ||
|---|---|---|---|
| 001 | RU\NLR\bibl\744447 | ||
| 005 | 20260407092519.0 | ||
| 010 |
_a5-94361-117-7 _bв обл. _93000 |
||
| 021 |
_aRU _b2004-67821 _93345 |
||
| 021 |
_aRU _b2005-25270 _91277 |
||
| 035 | _aRSL-KNO-002495754 | ||
| 035 | _a(NLR Aleph) 000734297 | ||
| 090 |
_a782270 _c782270 |
||
| 100 | _a20041110d2005 |||y0rusy50 ca | ||
| 101 | 0 | _arus | |
| 102 | _aRU | ||
| 105 | _ay ||||||||| | ||
| 106 | _ar | ||
| 200 | 1 |
_aУбытки: бухгалтерские и налоговые _eс учетом требований ПБУ 18/02 и гл. 25 НК РФ в ред., вступающей в силу с 01.01.2005 : убытки прошлых лет, убытки от текущей деятельности, перенос убытков на будущее, создание резервов, списание дебит. задолженности, убытки от хищений и потери от недостач и порчи ценностей : слож. вопр., практ. примеры, оформление док. : практ. рекомендации для бухгалтера и руководителя _fПод общ. ред. Г. Ю. Касьяновой |
|
| 210 |
_aМ. _cИнформцентр XXI века _d2005 _gООО Информполиграф |
||
| 215 |
_a126 с. _cтабл. _d20 |
||
| 225 | 1 | _aНастольная книга | |
| 606 | 1 |
_aУбытки _jПрактические пособия _xБухгалтерский учет _yРоссийская Федерация _92329707 _3RU\NLR\auth\661393235 |
|
| 610 | 0 | _aЭкономика -- Учет -- Российская Федерация -- Бухгалтерский учет -- Учет финансовой деятельности -- Учет фондов и финансовых результатов -- Пособие для специалистов | |
| 686 |
_aУ052.9(2)20-149.32,07 _2rubbk |
||
| 686 | _aУ052.9(2)2-149.32я7 | ||
| 702 | 1 |
_4340 _8rus _7ca _aКасьянова _bГ. Ю. _gГалина Юрьевна _3RU\NLR\auth\7717956 _91040 |
|
| 712 | 0 | 2 |
_4570 _aИнформационно-консультационный центр XXI века _cМосква _3RU\NLR\AUTH\8810050403 _9600954 |
| 801 | 0 |
_aRU _bRuMoRKP _c20041110 _grcr |
|
| 801 | 1 |
_aRU _bRuMoRGB _c20041110 |
|
| 801 | 2 |
_aRU _bNLR _c20050405 _gPSBO |
|
| 942 | _cBOOK | ||
| 980 | _aNB | ||